000
00249nam a2200097Ia 4500
001
715372
005
20250826162923.0
008
250824s9999 xx 000 0 und d
245
0
_a
AYDINLANMA DEĞİL MERHAMET
_c
ALEV ALATLI
260
_b
EVEREST YAYINLARI
999
_c
715372
_d
715372